La gran aventura del cristal (Record no. 24216)
[ view plain ]
| 000 -LEADER | |
|---|---|
| campo de control de longitud fija | 00556nam a2200169 i 4500 |
| 001 - NÚMERO DE CONTROL | |
| campo de control | 24216 |
| 003 - IDENTIFICADOR DE NÚMERO DE CONTROL | |
| campo de control | ES-MaACL |
| 005 - FECHA Y HORA DE LA ÚLTIMA TRANSACCIÓN | |
| campo de control | 20230906153017.0 |
| 007 - CAMPO FIJO DE DESCRIPCIÓN FÍSICA--INFORMACIÓN GENERAL | |
| campo de control de longitud fija | t| |
| 008 - DATOS DE LONGITUD FIJA--INFORMACIÓN GENERAL | |
| campo de control de longitud fija | 021216s1978 sp ||||1| spa d |
| 100 1# - ENTRADA PRINCIPAL--NOMBRE DE PERSONA | |
| Nombre de persona | Amorós, José Luis. |
| 9 (RLIN) | 21315 |
| 245 13 - MENCIÓN DEL TÍTULO | |
| Título | La gran aventura del cristal |
| Resto del título | : naturaleza y evolución de la ciencia de los cristales / |
| Mención de responsabilidad, etc. | por José Luis Amorós. |
| 260 ## - PUBLICACIÓN, DISTRIBUCIÓN, ETC. | |
| Lugar de publicación, distribución, etc. | [Madrid] : |
| Nombre del editor, distribuidor, etc. | Universidad Complutense, |
| Fecha de publicación, distribución, etc. | [1978] |
| 300 ## - DESCRIPCIÓN FÍSICA | |
| Extensión | 328 p. : |
| Otras características físicas | il. ; |
| Dimensiones | 21 cm. |
| 650 04 - PUNTO DE ACCESO ADICIONAL DE MATERIA--TÉRMINO DE MATERIA | |
| Término de materia o nombre geográfico como elemento de entrada | Cristalografía. |
| 9 (RLIN) | 11424 |
| 852 ## - LOCALIZACIÓN | |
| Ubicación | ES-MaACL |
| Número de control de estantería | F-8356 |
| Sublocalización o colección | R.100780 |
| Estatus retirado | Estado de pérdida | Estado de daño | No para préstamo | Biblioteca de origen | Biblioteca actual | Ubicación en estantería | Fecha de adquisición | Fuente de adquisición | Total de préstamos | Signatura topográfica completa | Código de barras | Visto por última vez | Precio de reemplazo | Tipo de ítem Koha |
|---|---|---|---|---|---|---|---|---|---|---|---|---|---|---|
| Biblioteca del Ateneo de Madrid | Biblioteca del Ateneo de Madrid | Sala Pecera Planta 2 | 17/01/2008 | F-8356 | 1024967 | 23/02/2023 | 23/02/2023 | Libro impreso |
